| 000 | 01015nam a2200301 i 4500 | ||
|---|---|---|---|
| 003 | EG-ScBUE | ||
| 005 | 20240818090313.0 | ||
| 008 | 090802s2006 ua o f 000 0 ara d | ||
| 017 | _a2005 / 18867 | ||
| 020 | _a9770914029 | ||
| 040 |
_aEG-ScBUE _bara _erda _cEG-ScBUE _dEG-ScBUE |
||
| 043 | _af-ua--- | ||
| 082 | 0 | 4 |
_222 _a962.05 _bش ر ي |
| 100 | 1 |
_98296 _aشريف، يوسف، _eمؤلف. |
|
| 245 | 1 | 0 |
_aمما جرى في بر مصر / _cيوسف الشريف. |
| 250 | _aالطبعة الأولى. | ||
| 264 | 1 |
_aالقاهرة : _bدار الشروق، _c2006. |
|
| 300 |
_a350 صفحة : _bصور ؛ _c27 سم |
||
| 336 |
_2rdacontent _aنص _btxt |
||
| 337 |
_aبدون وسيط _2rdamedia _bn |
||
| 338 |
_aمجلد _bnc _2rdacarrier |
||
| 500 | _aيشتمل على ملاحق. | ||
| 651 | 7 |
_2BUEsh _aمصر _xحياة فكرية. |
|
| 651 | 7 |
_2BUEsh _aمصر _xتاريخ _yالعصر الحديث (1805 م- ). |
|
| 651 | 7 |
_2BUEsh _aمصر _vتراجم. |
|
| 655 | _vReading book | ||
| 942 |
_2ddc _cBB |
||
| 999 |
_c12501 _d12501 |
||